000 00643nam a2200193Ia 4500
005 20250923145445.0
008 008 250917s9999 xx 000 0 eng d
037 _aTextual
040 _aDSWL
_beng
_cDSWL
041 _aeng
_2eng
084 _aYX,Z1-z4;237' N7t, N77
_qDSWL
245 3 _aAn Evaluation of the Centrally Aided Scheme for the Destitute Children in Rajasthan
_c by Ministry of Education and social welfare
260 _aUdaipur
_bU. School of Social Work
_c1977
300 _aii,67 p.
365 _aINR
_b20
925 _g20
942 _cTEXL
_hYX,Z1-z4;237' N7t, N77
999 _c1451569
_d1451569